I Paesi più amati - Statistics

Statistiche generali
  • Questo quiz è stato fatto 86 volte
  • Il punteggio medio è 7 su 10
Statistiche sulle risposte
# Paese % Corretto
1. Canada
93%
6. Finlandia
76%
2. Norvegia
76%
3. Svezia
76%
5. Australia
74%
8. Danimarca
65%
7. Nuova Zelanda
58%
9. Paesi Bassi
58%
4. Svizzera
56%
10. Belgio
53%
Nessun quiz corrispondente trovato
Distribuzione punteggi
Percentuale di utenti per punteggio
Percentile per numero di risposta
I tuoi punteggi nel tempo
Non hai fatto questo quiz